Biggest Cities in Roblox Control Europe - Statistics

General Stats
  • This quiz has been taken 2 times
  • The average score is 60 of 175
Answer Stats
Rank Population Country City Real Population % Correct
2 4,296,554 Netherlands Amsterdam 741,636
100%
13 1,956,160 China Beijing 17,174,471
100%
124 1,171,454 Germany Berlin 3,769,495
100%
1 4,381,614 Belgium Brussels 1,211,035
100%
60 1,451,798 United Kingdom London 8,908,081
100%
48 1,546,164 United Kingdom Manchester 563,561
100%
10 2,036,952 North Korea Pyongyang 3,222,000
100%
4 2,613,064 Japan Tokyo 9,733,276
100%
135 1,154,494 United Arab Emirates Abu Dhabi 603,492
50%
68 1,393,876 Nigeria Abuja 1,235,880
50%
105 1,225,800 Ethiopia Addis Ababa 3,273,000
50%
42 1,693,472 India Aizawl 293,416
50%
144 1,125,898 Algeria Algiers 2,364,230
50%
112 1,196,224 Jordan Amman 1,812,059
50%
37 1,642,456 Turkey Ankara 3,517,182
50%
127 1,169,698 Madagascar Antananarivo 1,275,207
50%
137 1,153,222 Greece Athens 664,046
50%
92 1,290,516 Iraq Baghdad 7,216,000
50%
158 1,106,226 Azerbaijan Baku 1,116,513
50%
128 1,169,666 Mali Bamako 1,810,366
50%
88 1,295,336 Thailand Bangkok 5,104,476
50%
162 1,103,794 Lebanon Beirut 1,916,100
50%
14 1,894,596 United Kingdom Belfast 274,770
50%
126 1,170,472 Switzerland Bern 121,631
50%
145 1,124,056 South Africa Bloemfontein 464,591
50%
139 1,137,036 Hungary Budapest 1,752,286
50%
69 1,379,376 South Korea Busan 3,391,946
50%
35 1,654,996 Egypt Cairo 9,293,612
50%
90 1,291,064 China Chengdu 9,235,925
50%
104 1,228,210 Mexico Chihuahua City 809,232
50%
149 1,119,496 Syria Damascus 1,569,394
50%
20 1,801,654 India Delhi/New Delhi 11,034,555
50%
38 1,642,204 Bangladesh Dhaka 10,356,500
50%
143 1,127,090 Qatar Doha 344,939
50%
12 1,981,704 United Kingdom Dumfries 33,280
50%
26 1,742,156 United Kingdom Exeter 117,763
50%
29 1,733,748 Germany Frankfurt 650,000
50%
24 1,760,544 China Fuzhou 1,820,600
50%
111 1,197,732 United Kingdom Galashiels 12,660
50%
91 1,290,896 Egypt Giza 4,212,750
50%
50 1,525,804 China Guangzhou 9,384,160
50%
80 1,309,480 Vietnam Hanoi 8,053,663
50%
101 1,232,380 China Hefei 3,193,380
50%
55 1,463,314 Japan Hiroshima 1,200,754
50%
95 1,273,052 China/SAR Hong Kong 7,012,738
50%
140 1,133,294 Turkey Istanbul 15,214,177
50%
75 1,330,388 Turkey Izmir 2,500,603
50%
120 1,181,178 Israel Jerusalem 801,000
50%
115 1,191,386 Afghanistan Kabul 3,043,532
50%
19 1,833,256 North Korea Kanggye 209,530
50%
6 2,178,904 Germany Kassel 194,501
50%
25 1,757,180 Germany Kiel 232,758
50%
5 2,299,496 Japan Kumamoto 738,865
50%
116 1,190,034 Kuwait Kuwait City 60,064
50%
146 1,123,938 Ukraine Kyiv 2,950,800
50%
118 1,188,590 Bolivia La Paz 816,044
50%
73 1,344,713 Peru Lima 8,838,102
50%
150 1,119,350 Portugal Lisbon 517,802
50%
74 1,342,986 Angola Luanda 6,759,313
50%
32 1,662,986 Poland Lublin 349,103
50%
138 1,143,116 Zambia Lusaka 1,747,152
50%
11 2,032,958 Luxembourg Luxembourg 76,684
50%
97 1,251,438 Spain Madrid 3,223,334
50%
78 1,320,656 Mexico Mexico City 8,918,653
50%
153 1,115,290 Somalia Mogadishu 4,901,000
50%
108 1,215,002 Mexico Monterrey 1,135,512
50%
65 1,411,790 Russia Moscow 11,747,702
50%
8 2,132,044 Germany Munich 1,471,508
50%
134 1,154,494 Oman Muscat 797,000
50%
122 1,175,420 Kenya Nairobi 4,397,073
50%
86 1,305,206 Italy Napoli 959,477
50%
40 1,611,494 United Kingdom Newport 306,844
50%
114 1,193,256 China Ngari Prefecture 123,281
50%
15 1,881,406 Japan Niigata 789,275
50%
83 1,306,616 United Kingdom Norwich 213,166
50%
9 2,038,328 Germany Osnabruck 166,462
50%
163 1,102,966 Burkina Faso Ouagadougou 1,475,223
50%
67 1,405,356 France Paris 2,148,271
50%
169 1,098,817 Cambodia Phnom Penh 1,573,544
50%
166 1,101,034 Thailand Phuket 89,072
50%
44 1,584,726 Poland Poznan 554,696
50%
154 1,114,614 Czech Republic Prague 1,324,277
50%
64 1,423,306 India Pune 3,124,458
50%
156 1,109,086 Palestine Ramallah 24,599
50%
93 1,285,284 Saudi Arabia Riyadh 4,205,961
50%
129 1,169,540 Italy Rome 2,318,895
50%
3 2,792,769 Netherlands Rotterdam 598,199
50%
170 1,098,735 United States Saint Paul 311,527
50%
16 1,881,406 Japan Saitama 1,324,025
50%
172 1,097,749 Russia Samara 1,164,685
50%
173 1,096,438 Indonesia Samarinda 355,160
50%
136 1,154,494 Yemen Sanaa 1,937,451
50%
141 1,130,410 Bosnia & Herzegovina Sarajevo 696,731
50%
17 1,864,022 South Korea Seoul 9,668,465
50%
33 1,662,736 China Shanghai 10,128,294
50%
49 1,545,366 China Shanwei 365,194
50%
28 1,740,982 China Shijiazhuang 2,634,163
50%
102 1,228,382 Singapore Singapore 5,453,600
50%
41 1,603,472 India Srinagar 1,206,419
50%
164 1,102,962 Sweden Stockholm 975,904
50%
125 1,171,074 India Surat 4,501,610
50%
159 1,106,158 Taiwan Taipei 2,646,204
50%
148 1,120,048 Uzbekistan Tashkent 1,978,028
50%
151 1,117,668 Bhutan Thimpu 98,676
50%
94 1,278,872 France Toulouse 433,055
50%
152 1,117,668 Tunisia Tunis 638,845
50%
155 1,110,330 Austria Vienna 1,888,776
50%
7 2,155,472 Germany Wilhelmshaven 84,393
50%
36 1,649,930 North Korea Wonsan 329,207
50%
157 1,107,320 Cameroon Yaounde 1,817,524
50%
22 1,780,104 China Yinchuan 1,098,096
50%
131 1,166,142 Turkey Afyonkarahisar 146,136
0%
99 1,241,246 Egypt Aswan 337,472
0%
63 1,423,306 India Ayodhya 55,890
0%
119 1,182,386 Bangladesh Barguna 33,235
0%
81 1,307,446 Egypt Bawiti 15,978
0%
77 1,330,184 Bangladesh Bogra 210,000
0%
85 1,305,206 Italy Bologna 366,133
0%
109 1,208,606 France Bourges 67,987
0%
39 1,640,338 South Korea Buyeo 32,642
0%
110 1,208,606 France Caen 110,624
0%
79 1,310,626 China Changchun 3,782,278
0%
52 1,495,372 India Chennai 4,646,732
0%
103 1,228,210 Mexico Chilpancingo 187,251
0%
82 1,306,980 France Corse 352,851
0%
130 1,168,396 Angola Damba 12,000
0%
160 1,105,344 Saudi Arabia Damman 768,602
0%
161 1,105,124 Iran Dezful 264,709
0%
58 1,456,396 Egypt Farafra Around 20,000
0%
46 1,567,940 United Kingdom Glasgow 591,620
0%
66 1,408,434 China Guiyang 2,260,526
0%
45 1,584,488 China Haikou 1,341,320
0%
142 1,127,736 Ethiopia Harrar/Harar 99,368
0%
18 1,851,042 United Kingdom Holyhead 11,431
0%
57 1,461,650 Bangladesh Jamalpur 167,900
0%
72 1,351,240 India Jammu 576,198
0%
113 1,195,314 Saudi Arabia Jizan 105,198
0%
100 1,240,548 Nigeria Jos 510,300
0%
121 1,178,894 Italy Lecce 80,695
0%
174 1,096,108 Slovenia Ljubljana 272,220
0%
96 1,264,820 France Loudun 8,510
0%
165 1,101,248 Angola Luau 55,432
0%
43 1,593,176 Germany Magdeburg 229,826
0%
56 1,461,784 Turkey Malatya 441,805
0%
106 1,220,996 Italy Marsala 77,915
0%
171 1,098,442 Belarus Mazyr 112,137
0%
168 1,100,440 Dem. Rep. Congo (DRC) Mbandaka 262,814
0%
175 1,094,851 Lesotho Mokhotlong 12,940
0%
123 1,175,382 Mexico Morelia 597,511
0%
31 1,698,490 Japan Nagasaki 409,118
0%
62 1,437,184 Japan Nagoya 2,332,176
0%
61 1,441,322 India Nagpur 2,405,665
0%
21 1,794,460 Belgium Namur 106,284
0%
76 1,330,188 China Nanchang 1,824,903
0%
27 1,740,982 China Nanning 2,565,649
0%
147 1,122,748 Iraq Nasiriyah 400,249
0%
132 1,164,510 Ethiopia Negele Boran 35,264
0%
54 1,476,032 Germany Nuremburg/Nurnberg 499,237
0%
23 1,760,544 China Nyingchi/Linzhi 3,267
0%
30 1,733,540 South Korea Pohang 502,916
0%
98 1,241,246 Egypt Qena/Qina 241,422
0%
71 1,369,256 India Ranchi 1,073,427
0%
59 1,456,396 Egypt Sallum 14,349
0%
51 1,513,388 India Satara 120,195
0%
70 1,373,646 Egypt Sohag/Sawhaj 248,174
0%
84 1,306,294 Iran Tehran 7,153,309
0%
117 1,188,590 Mexico Tepic 332,863
0%
133 1,161,464 Iraq Tikrit 42,477
0%
107 1,215,002 Mexico Tuxtla Gutierrez 537,102
0%
34 1,655,048 United Kingdom Ullapool 1,510
0%
53 1,494,634 Turkey Van 371,713
0%
167 1,100,795 Sudan Wadi Halfa 15,725
0%
47 1,564,928 China Xining 978,767
0%
87 1,296,304 Nigeria Yola 54,810
0%
89 1,291,258 Poland Zielona Gora 137,479
0%
No matching quizzes found
Score Distribution
Percent of People with Each Score
Percentile by Number Answered
Your Score History
You have not taken this quiz